Normal view
MARC view
- Visulization in Python
Entry Topical Term
001 - CONTROL NUMBER
- control field: 6590
003 - CONTROL NUMBER IDENTIFIER
- control field: JO-AjAnu
005 - DATE AND TIME OF LATEST TRANSACTION
- control field: 20230606071352.0
008 - FIXED-LENGTH DATA ELEMENTS
- fixed length control field: 230606|| aca||aabn | a|a d
040 ## - CATALOGING SOURCE
- Original cataloging agency: JO-AjAnu
- Transcribing agency: JO-AjAnu
150 ## - HEADING--TOPICAL TERM
- Topical term or geographic name entry element: Visulization in Python
670 ## - SOURCE DATA FOUND
- Source citation: Work cat.: (JO-AjAnu)3415: Nelson, Daniel , author 6589, Data Visulization in Python: Explore and Manipulate data and Create Engaging Interactive Plots with 9 Python libraries